Central Library OPAC University of Rajshahi
Normal view MARC view

Entry Personal Name

Number of records used in: 2

001 - CONTROL NUMBER

  • control field: 12847

003 - CONTROL NUMBER IDENTIFIER

  • control field: BD-RjUL

005 - DATE AND TIME OF LATEST TRANSACTION

  • control field: 20240506122848.0

008 - FIXED-LENGTH DATA ELEMENTS

  • fixed length control field: 240506|| aca||aabn | a|a d

040 ## - CATALOGING SOURCE

  • Original cataloging agency: BD-RjUL
  • Transcribing agency: BD-RjUL

100 ## - HEADING--PERSONAL NAME

  • Personal name: Slaughter, Frank G.
  • Fuller form of name: (Frank Gill),
  • Dates associated with a name: 1908-2001

670 ## - SOURCE DATA FOUND

  • Source citation: Work cat.: (BD-RjUL)83654: Slaughter, Frank G. (Frank Gill), 1908-2001., The song of Ruth :, 1954 [printing 1955]